000 01211cam a22002771i 4500
003 SA-RiAUC
005 20241226131702.0
008 241225s1993 le g 00000 ara c
040 _aSA-RiAUC
_bara
_cSA-RiAUC
_erda
050 4 _b.I26 1993
082 0 4 _a260
_qSA-RiAUC
090 _a260
_b ا ب ن ع
100 1 _aابن العريف، أحمد بن محمد بن موسى،
_d481-526 هجري
_eمؤلف.
245 1 0 _aمفتاح السعادة وتحقيق طريق السعادة /
_cتأليف أبي العباس بن العريف ؛ جمعه أبو بكر عتيق بن مؤمن ؛ دراسة وتحقيق عصمت عبد اللطيف دندش.
250 _aالطبعة الأولى.
264 1 _aبيروت :
_bدار الغرب الإسلامي،
_c1993
300 _a263 صفحة ؛
_c24 سم
336 _aنص
_btxt
_2rdacontent
_3كتاب
337 _aبدون وسيط
_bn
_2rdamedia
338 _aمجلد
_bnc
_2rdacarrier
650 7 _aالتصوف الإسلامي
_2aucsh
700 1 _aابن مؤمن، أبو بكر عتيق
_eجامع.
700 1 _aدندش، عصمت عبد اللطيف
_eمحقق.
942 _2ddc
_cBOOK
_n0
949 _aSA-JeALM
_d241225
_uosman123
_n1
999 _c3989
_d3989